Kumsaracho apostal sam juvanv mari viyanni (Record no. 119236)

MARC details
000 -LEADER
fixed length control field 00492nam a2200193Ia 4500
003 - CONTROL NUMBER IDENTIFIER
control field OSt
005 - DATE AND TIME OF LATEST TRANSACTION
control field 20251209102306.0
008 - FIXED-LENGTH DATA ELEMENTS--GENERAL INFORMATION
fixed length control field 210210b2010 xxu||||| |||| 00| 0 eng d
040 ## - CATALOGING SOURCE
Transcribing agency AL
041 ## - LANGUAGE CODE
Language code of text/sound track or separate title Konkani
082 ## - DEWEY DECIMAL CLASSIFICATION NUMBER
Classification number 891.462 KASK
100 ## - MAIN ENTRY--PERSONAL NAME
Personal name Kastelino, Mark
9 (RLIN) 248408
245 ## - TITLE STATEMENT
Title Kumsaracho apostal sam juvanv mari viyanni
Remainder of title : Konkni charitrik natak
260 ## - PUBLICATION, DISTRIBUTION, ETC.
Place of publication, distribution, etc. Manglur
Name of publisher, distributor, etc. -
Date of publication, distribution, etc. 2010
300 ## - PHYSICAL DESCRIPTION
Extent iv,44p
690 ## - LOCAL SUBJECT ADDED ENTRY--TOPICAL TERM (OCLC, RLIN)
Topical term or geographic name as entry element Konkani Drama
9 (RLIN) 248418
906 ## - LOCAL DATA ELEMENT F, LDF (RLIN)
a 069637
942 ## - ADDED ENTRY ELEMENTS (KOHA)
Source of classification or shelving scheme Dewey Decimal Classification
Koha item type Book
Holdings
Withdrawn status Lost status Damaged status Not for loan Collection code Home library Current library Shelving location Date acquired Source of acquisition Cost, normal purchase price Total Checkouts Full call number Barcode Date last seen Price effective from Koha item type
          St Aloysius Library St Aloysius Library   02/17/2021 Karnataka Konkani Sahitya Akademi, Mangaluru-575003 60.00   891.462 KASK 069637 02/17/2021 02/17/2021 Book